[Event "Plymouth (MI Op/4/34)"]
[Site "?"]
[Date "1984.??.??"]
[Round "?"]
[White "Prusaitis, William"]
[Black "Dolehanty, T.."]
[Result "1-0"]
[WhiteElo "1895"]
[BlackElo "1605"]
[PlyCount "49"]
[EventDate "1984.??.??"]

{4/(34)} 1. e4 c5 2. Nf3 Nc6 3. c3 a6 4. d4 cxd4 5. cxd4 e6 6. Nc3 Bb4 7. Bd3
b5 8. O-O Bb7 9. Re1 Nge7 10. Bg5 h6 11. Bh4 Rc8 12. d5 Na5 13. a3 Bxc3 14.
bxc3 g5 15. Bg3 Rxc3 16. Be5 O-O 17. Bxc3 exd5 18. Bf6 dxe4 19. Bxe4 Bxe4 20.
Rxe4 Re8 21. Nxg5 d5 22. Qh5 Ng6 23. Bxd8 dxe4 24. Qxh6 Ne5 25. Bf6 1-0

[Event "East Detroit (MCO/4/5)"]
[Site "?"]
[Date "1984.??.??"]
[Round "?"]
[White "Prusaitis, William"]
[Black "Brooks, John"]
[Result "0-1"]
[WhiteElo "1970"]
[BlackElo "2135"]
[PlyCount "46"]
[EventDate "1984.??.??"]

{4/(5)} 1. e4 d5 2. exd5 Nf6 3. Bb5+ Bd7 4. Bc4 b5 5. Bb3 Bg4 6. f3 Bc8 7. c4
bxc4 8. Bxc4 Nxd5 9. Qb3 e6 10. Nc3 Nb6 11. Bb5+ c6 12. Bf1 e5 13. d3 Be6 14.
Qc2 Na6 15. a3 Nc5 16. Ne4 Nb3 17. Rb1 Nd4 18. Qf2 Ba2 19. Ra1 Bb3 20. Kd2 f5
21. Nc3 Bc5 22. Qg3 O-O 23. Nge2 Nc4+ 0-1

[Event "East Detroit (MCO/4/34)"]
[Site "?"]
[Date "1984.??.??"]
[Round "?"]
[White "Proszkow, T.."]
[Black "Wheeler, R.."]
[Result "1-0"]
[WhiteElo "1650"]
[BlackElo "1605"]
[PlyCount "85"]
[EventDate "1984.??.??"]

{4/(34)} 1. d4 d5 2. c4 c6 3. Nc3 Nf6 4. e3 e6 5. Nf3 Nbd7 6. Bd3 dxc4 7. Bxc4
Qc7 8. O-O b5 9. Bd3 a6 10. Bd2 Bb7 11. b4 Bxb4 12. Nxb5 cxb5 13. Bxb4 Nd5 14.
Rc1 Qb6 15. Bd2 O-O 16. e4 Ne7 17. h4 h6 18. Be3 Rac8 19. Qd2 Qd6 20. Bxh6 e5
21. Be3 Ng6 22. g3 Rfd8 23. d5 Nf6 24. Bg5 Rd7 25. Kg2 Ng4 26. Qb2 Rdc7 27. h5
Ne7 28. Bd2 Rxc1 29. Rxc1 f6 30. Bb4 Qd7 31. Rc2 Kh7 32. Be2 Rh8 33. Nh4 Nxd5
34. Bxg4 Qxg4 35. exd5 Bxd5+ 36. f3 Qxh5 37. Rc7 e4 38. Qxf6 exf3+ 39. Nxf3 Qg4
40. Bc3 Rg8 41. Kf2 Bxf3 42. Qxf3 Qa4 43. Qh5# 1-0

[Event "Plymouth (MI Op/4/35)"]
[Site "?"]
[Date "1984.??.??"]
[Round "?"]
[White "Proszkow, T.."]
[Black "Ward, Tim"]
[Result "1-0"]
[WhiteElo "1655"]
[BlackElo "1890"]
[PlyCount "81"]
[EventDate "1984.??.??"]

{4/(35)} 1. d4 e6 2. c4 d5 3. e3 Nf6 4. a3 Be7 5. Nc3 O-O 6. Nf3 b6 7. Bd3 Bb7
8. cxd5 exd5 9. O-O c5 10. dxc5 bxc5 11. b3 Nc6 12. Ne2 Qc7 13. Bb2 Rfd8 14.
Qc2 Rac8 15. Rac1 h6 16. Rfd1 Qb6 17. Rb1 Ba6 18. Bf5 Rb8 19. Ba1 Qc7 20. Rbc1
Bxe2 21. Qxe2 Rxb3 22. Qc2 Rxa3 23. Bxf6 gxf6 24. Qd2 Ne5 25. Nh4 Ra4 26. e4
Kg7 27. Bh3 Rxe4 28. Nf5+ Kg8 29. Qxh6 Bf8 30. Qxf6 Ng6 31. g3 Re6 32. Qg5 d4
33. Rxd4 Rxd4 34. Nxd4 Re1+ 35. Rxe1 cxd4 36. Bf5 Qc5 37. h4 Bg7 38. Rc1 Qe5
39. Rc8+ Bf8 40. h5 Qe7 41. Qg4 1-0

[Event "Plymouth (MI Op/6/19)"]
[Site "?"]
[Date "1984.??.??"]
[Round "?"]
[White "Proszkow, T.."]
[Black "VanCamp, W.."]
[Result "0-1"]
[WhiteElo "1655"]
[BlackElo "2030"]
[PlyCount "93"]
[EventDate "1984.??.??"]

{6/(19)} 1. d4 Nf6 2. c4 c5 3. e3 g6 4. Nf3 Bg7 5. Nc3 O-O 6. Be2 cxd4 7. exd4
d5 8. Bf4 Nc6 9. Nb5 Be6 10. cxd5 Nxd5 11. Bg3 a6 12. Nc3 Qa5 13. Qd2 Rfd8 14.
O-O Nb6 15. b4 Nxb4 16. Rab1 Nc6 17. Bc7 Nxd4 18. Bxb6 Qxc3 19. Bxd4 Qxd2 20.
Nxd2 Rxd4 21. Nf3 Rd7 22. a4 Bf5 23. Rb4 Rc8 24. Nh4 Bc3 25. Rb6 Bd4 26. Rb4 a5
27. Rb5 Rc5 28. Nxf5 gxf5 29. Rxc5 Bxc5 30. Bb5 Rd2 31. g3 b6 32. Kg2 Kg7 33.
Kf3 e5 34. h3 Kf6 35. g4 Kg5 36. Kg3 fxg4 37. hxg4 h5 38. gxh5 Kxh5 39. f3 f5
40. Rh1+ Kg5 41. Rh8 Bf2+ 42. Kg2 Kf4 43. Rh3 Bg3+ 44. Kf1 Kxf3 45. Bc6+ e4 46.
Rxg3+ Kxg3 47. Ke1 0-1

[Event "East Detroit (MCO/2/37)"]
[Site "?"]
[Date "1984.??.??"]
[Round "?"]
[White "Proszkow, T.."]
[Black "Thornton, Ivan"]
[Result "1-0"]
[WhiteElo "1650"]
[BlackElo "1605"]
[PlyCount "67"]
[EventDate "1984.??.??"]

{2/(37)} 1. d4 c5 2. e3 Nc6 3. c4 d6 4. Nc3 Nf6 5. Nf3 Bg4 6. Be2 Bxf3 7. Bxf3
e5 8. d5 Nb4 9. a3 Qa5 10. O-O Na6 11. Bd2 Qb6 12. Qc2 Be7 13. e4 O-O 14. Be2
Qd8 15. f4 Nd7 16. Rad1 Bf6 17. Nb5 Nc7 18. Nxd6 exf4 19. Bxf4 Bd4+ 20. Kh1 Qe7
21. Nf5 Qd8 22. Nxd4 cxd4 23. Rxd4 Rc8 24. Rd3 b5 25. c5 Na6 26. b4 Nb6 27.
Rdf3 Qh4 28. Bd6 Rfe8 29. Rxf7 Nd7 30. Rxd7 Rxe4 31. Bg3 Rxe2 32. Qxe2 Qc4 33.
Qf3 Nb8 34. Qf7+ 1-0

[Event "Plymouth (MI Op/3/17)"]
[Site "?"]
[Date "1984.??.??"]
[Round "?"]
[White "Proszkow, T.."]
[Black "Palmer, Tony"]
[Result "1/2-1/2"]
[WhiteElo "1655"]
[BlackElo "2085"]
[PlyCount "85"]
[EventDate "1984.??.??"]

{3/(17)} 1. d4 Nf6 2. c4 e6 3. Nf3 b6 4. a3 Bb7 5. Nc3 d5 6. e3 Be7 7. Bd3 O-O
8. O-O Nbd7 9. cxd5 exd5 10. b4 Ne4 11. Ne2 Re8 12. Qc2 g6 13. Bb2 f5 14. Rac1
Rc8 15. Qb3 Bf6 16. b5 Bg7 17. Rc2 g5 18. Qa4 g4 19. Ne1 Ra8 20. Nf4 Ndf6 21.
g3 Qd7 22. Qb3 Nd2 23. Rxd2 h5 24. Neg2 Nh7 25. Nh4 Ng5 26. Be2 Bf6 27. Nxh5
Nh3+ 28. Kh1 Bxh4 29. gxh4 Qe7 30. Ng3 Qxh4 31. Nxf5 Qg5 32. Ng3 Rf8 33. f4
gxf3 34. Rxf3 Rxf3 35. Bxf3 Rf8 36. Bg2 Nf2+ 37. Kg1 Ng4 38. Re2 Rf7 39. h3 Nh6
40. Kh2 Ng4+ 41. Kg1 Nh6 42. Kh2 Ng4+ 43. Kg1 1/2-1/2

[Event "East Detroit (MCO/6/32)"]
[Site "?"]
[Date "1984.??.??"]
[Round "?"]
[White "Proszkow, T.."]
[Black "Leonard, K.."]
[Result "1/2-1/2"]
[WhiteElo "1650"]
[BlackElo "1605"]
[PlyCount "66"]
[EventDate "1984.??.??"]

{6/(32)} 1. d4 b6 2. c4 Bb7 3. Nc3 e6 4. a3 Nf6 5. Nf3 d5 6. e3 Bd6 7. cxd5
Nxd5 8. Bb5+ c6 9. Bd3 O-O 10. O-O h6 11. e4 Nxc3 12. bxc3 c5 13. e5 Be7 14.
Re1 Nc6 15. Be3 Qc7 16. Bc2 Na5 17. Qd3 g6 18. Bxh6 Rfd8 19. Qe2 Bxf3 20. Qxf3
cxd4 21. Be4 Rac8 22. cxd4 Rxd4 23. Be3 Rd7 24. Rac1 Qd8 25. Rxc8 Qxc8 26. Rc1
Qd8 27. Qg4 Nc4 28. Bf4 Rd4 29. Bxg6 fxg6 30. Qxg6+ Kh8 31. Qh6+ Kg8 32. Qg6+
Kh8 33. Qh6+ Kg8 1/2-1/2

[Event "Plymouth (MI Op/2/34)"]
[Site "?"]
[Date "1984.??.??"]
[Round "?"]
[White "Praedel, R.."]
[Black "Ward, Tim"]
[Result "0-1"]
[WhiteElo "1605"]
[BlackElo "1890"]
[PlyCount "120"]
[EventDate "1984.??.??"]

{2/(34)} 1. e4 e6 2. Nf3 d5 3. exd5 exd5 4. d4 Bd6 5. Bd3 Ne7 6. O-O O-O 7. Bg5
f6 8. Bd2 Bf5 9. Bxf5 Nxf5 10. Nc3 c6 11. Re1 Nd7 12. Qe2 Re8 13. Qd3 Ne7 14.
Ne2 Qc7 15. c4 dxc4 16. Qxc4+ Nd5 17. Nc3 N7b6 18. Nxd5 Nxc4 19. Rxe8+ Rxe8 20.
Nxc7 Bxc7 21. Bc3 Nb6 22. Re1 Rxe1+ 23. Bxe1 Kf7 24. Kf1 Nd5 25. g3 Bb6 26. Ke2
Ke6 27. Kd3 Nc7 28. Nd2 Nb5 29. Nb3 Kd5 30. Bc3 Nxc3 31. bxc3 f5 32. f4 Ke6 33.
c4 g6 34. a4 a6 35. c5 Bd8 36. a5 Kd5 37. Kc3 g5 38. fxg5 Bxg5 39. Kd3 h5 40.
h4 Bd8 41. Ke3 Bc7 42. Nd2 Bxg3 43. Nf3 Bc7 44. Ng5 Bxa5 45. Nf3 Bc7 46. Kd3
Bg3 47. Ke2 Ke4 48. Ng5+ Kxd4 49. Ne6+ Kd5 50. Ng7 Bxh4 51. Nxf5 Bg5 52. Ng7
Bf6 53. Nxh5 Be5 54. Kd3 Kxc5 55. Ke4 Kd6 56. Kd3 a5 57. Kc4 b5+ 58. Kb3 c5 59.
Ka2 Kd5 60. Kb3 Kd4 0-1

[Event "East Detroit (MCO/3/44)"]
[Site "?"]
[Date "1984.??.??"]
[Round "?"]
[White "Praedel, R.."]
[Black "Tumpkin, R.."]
[Result "1-0"]
[WhiteElo "1605"]
[BlackElo "1605"]
[PlyCount "95"]
[EventDate "1984.??.??"]

{3/(44)} 1. e4 c5 2. Nf3 Nc6 3. d4 cxd4 4. Nxd4 d5 5. Bb5 Bd7 6. exd5 Nxd4 7.
Bxd7+ Qxd7 8. Qxd4 e6 9. Nc3 Nf6 10. O-O Nxd5 11. Nxd5 Qxd5 12. Qxd5 exd5 13.
Re1+ Kd7 14. Re5 Kc6 15. Be3 a6 16. Rd1 Rd8 17. c4 f6 18. cxd5+ Kc7 19. Re6 Bd6
20. Rc1+ Kd7 21. Re4 Rde8 22. Rec4 Re7 23. g3 Re5 24. Bf4 Rxd5 25. Bxd6 Kxd6
26. Kg2 Re8 27. Rc7 Re7 28. Rxe7 Kxe7 29. Rc7+ Rd7 30. Rxd7+ Kxd7 31. Kf3 Kd6
32. Ke4 g6 33. Kd4 b5 34. b4 f5 35. f4 h6 36. h4 g5 37. hxg5 hxg5 38. fxg5 Ke6
39. Kc5 Kf7 40. Kb6 Kg6 41. Kxa6 Kxg5 42. Kxb5 Kg4 43. Kc4 Kxg3 44. b5 f4 45.
b6 f3 46. b7 f2 47. b8=Q+ Kg2 48. Qb1 1-0

[Event "Plymouth (MI Op/7/37)"]
[Site "?"]
[Date "1984.??.??"]
[Round "?"]
[White "Praedel, R.."]
[Black "Sveen, L.."]
[Result "0-1"]
[WhiteElo "1605"]
[BlackElo "1830"]
[PlyCount "104"]
[EventDate "1984.??.??"]

{7/(37)} 1. e4 e6 2. Nf3 d5 3. exd5 exd5 4. d4 Bd6 5. Bd3 Ne7 6. O-O Bf5 7. Bg5
Bxd3 8. Qxd3 f6 9. Bd2 c6 10. Nc3 Na6 11. a3 Nc7 12. Ne2 Qd7 13. Rfe1 O-O-O 14.
Bb4 g5 15. Bxd6 Qxd6 16. Ng3 h5 17. Re2 h4 18. Nf5 Nxf5 19. Qxf5+ Kb8 20. h3
Rde8 21. Rae1 Rxe2 22. Rxe2 Re8 23. Rxe8+ Nxe8 24. Nxg5 fxg5 25. Qxg5 Qf6 26.
Qe5+ Qxe5 27. dxe5 Kc7 28. f4 Ng7 29. Kf2 Nf5 30. c3 c5 31. Kf3 Kd7 32. Kg4 Ke6
33. Kf3 b5 34. b4 c4 35. Ke2 d4 36. cxd4 Nxd4+ 37. Kd2 Nf5 38. Kc3 Ne3 39. Kd4
Nxg2 40. Ke4 c3 41. f5+ Ke7 42. Kd3 c2 43. Kxc2 Ne3+ 44. Kd3 Nxf5 45. Ke4 Ke6
46. Kf4 a6 47. Ke4 Ne7 48. Kd4 Nc6+ 49. Kc5 Nxe5 50. Kb6 Nc4+ 51. Kxa6 Nxa3 52.
Ka5 Kf5 0-1

[Event "Plymouth (MI Op/4/76)"]
[Site "?"]
[Date "1984.??.??"]
[Round "?"]
[White "Praedel, R.."]
[Black "Short, T.."]
[Result "1-0"]
[WhiteElo "1605"]
[BlackElo "1605"]
[PlyCount "73"]
[EventDate "1984.??.??"]

{4/(76)} 1. e4 e6 2. Nf3 d5 3. exd5 Qxd5 4. Nc3 Qd7 5. d4 Nf6 6. Bd3 a6 7. O-O
Be7 8. Bg5 Nc6 9. Qd2 Nxd4 10. Nxd4 Qxd4 11. Bb5+ axb5 12. Qxd4 O-O 13. Rad1 h6
14. Bh4 b6 15. a3 Bb7 16. Bxf6 Bxf6 17. Qe3 Ba6 18. Rfe1 Rfe8 19. Qg3 Re7 20.
Qf3 Rb8 21. b4 Bb7 22. Qg3 Rbe8 23. Ne4 Bxe4 24. Rxe4 Bg5 25. Red4 e5 26. Rd8
Rxd8 27. Rxd8+ Kh7 28. Qd3+ e4 29. Qxb5 Re6 30. Qf5+ Rg6 31. Rd7 e3 32. fxe3
Bxe3+ 33. Kh1 c5 34. h4 Bd4 35. h5 Bb2 36. Rxf7 Kg8 37. Rf8+ 1-0

[Event "East Detroit (MCO/5/25)"]
[Site "?"]
[Date "1984.??.??"]
[Round "?"]
[White "Praedel, R.."]
[Black "Sacco, G.."]
[Result "1-0"]
[WhiteElo "1605"]
[BlackElo "1775"]
[PlyCount "75"]
[EventDate "1984.??.??"]

{5/(25)} 1. e4 c6 2. Nf3 d5 3. exd5 cxd5 4. d4 Nf6 5. Bd3 g6 6. Bg5 Bg7 7. O-O
O-O 8. Nbd2 Nc6 9. c3 Be6 10. Re1 Rc8 11. Nb3 Nd7 12. h3 Re8 13. Qd2 a5 14. a4
Qb6 15. Nc1 Nf6 16. Re3 h6 17. Bh4 Bd7 18. Ne2 Nh5 19. g4 Nf6 20. Bg3 g5 21.
Bh2 e6 22. Ng3 Ne7 23. Ne5 Bc6 24. Re2 Nd7 25. Nh5 Nf6 26. Nxg7 Kxg7 27. h4 Nh7
28. Bxh7 Kxh7 29. hxg5 Rg8 30. Qf4 Be8 31. Qf3 Ng6 32. Qh3 Rh8 33. Nxg6 Kxg6
34. Qh5+ Kh7 35. Be5 f6 36. Qxh6+ Kg8 37. Qxf6 Rh7 38. g6 1-0

[Event "East Detroit (MCO/1/14)"]
[Site "?"]
[Date "1984.??.??"]
[Round "?"]
[White "Praedel, R.."]
[Black "Everett, Morgan"]
[Result "0-1"]
[WhiteElo "1605"]
[BlackElo "2045"]
[PlyCount "52"]
[EventDate "1984.??.??"]

{1/(14)} 1. e4 e5 2. Nf3 Nc6 3. Bb5 a6 4. Ba4 Nf6 5. O-O b5 6. Bb3 Be7 7. Re1
O-O 8. c3 d5 9. exd5 Nxd5 10. Nxe5 Nxe5 11. Rxe5 c6 12. d4 Bd6 13. Re1 Qh4 14.
g3 Qh3 15. Re4 g5 16. Qf3 Bf5 17. Re1 Rae8 18. Be3 Be4 19. Qxe4 Rxe4 20. Nd2
Nxe3 21. fxe3 Re7 22. Bc2 f5 23. e4 f4 24. e5 fxg3 25. hxg3 Qxg3+ 26. Kh1 Rf2
0-1

[Event "Plymouth (MI Op/6/67)"]
[Site "?"]
[Date "1984.??.??"]
[Round "?"]
[White "Praedel, R.."]
[Black "Conley, Steve"]
[Result "1-0"]
[WhiteElo "1605"]
[BlackElo "1605"]
[PlyCount "67"]
[EventDate "1984.??.??"]

{6/(67)} 1. e4 e5 2. Nf3 Nc6 3. Bb5 a6 4. Ba4 Nf6 5. O-O Nxe4 6. d4 b5 7. Bb3
exd4 8. Nxd4 Be7 9. Bd5 f5 10. Nxc6 dxc6 11. Bxc6+ Bd7 12. Bxa8 Qxa8 13. Nd2
Nxd2 14. Bxd2 O-O 15. Bc3 Rd8 16. Qh5 Qc6 17. Rad1 Bf8 18. Qg5 Re8 19. Rde1
Rxe1 20. Rxe1 h6 21. Qd2 Bc8 22. Qd8 Bb7 23. f3 Qd6 24. Qxd6 Bxd6 25. Be5 Bb4
26. c3 Ba5 27. Bd4 Kf7 28. Kf2 Bb6 29. Bxb6 cxb6 30. Rd1 Kf6 31. Rd6+ Ke7 32.
Rxb6 Bc8 33. Rc6 Bb7 34. Rc7+ 1-0

[Event "Plymouth (MI Op/1b/1)"]
[Site "?"]
[Date "1984.??.??"]
[Round "?"]
[White "Poschel, Paul"]
[Black "Riegel, P.."]
[Result "1-0"]
[WhiteElo "2325"]
[BlackElo "1875"]
[PlyCount "73"]
[EventDate "1984.??.??"]

1. c4 Nf6 2. Nc3 c5 3. Nf3 Nc6 4. d4 cxd4 5. Nxd4 g6 6. e4 Bg7 7. Be3 O-O 8.
Be2 d6 9. O-O Bd7 10. Kh1 Ne8 11. Qd2 Nc7 12. f4 Nxd4 13. Bxd4 Bxd4 14. Qxd4
Ne6 15. Qd2 Kg7 16. f5 Nc7 17. Rf3 f6 18. fxg6 hxg6 19. Rg3 Rh8 20. Rd1 Rh4 21.
h3 Qh8 22. Kh2 Ne6 23. Bg4 Nc5 24. Bxd7 Nxd7 25. Qd5 Nc5 26. e5 fxe5 27. b4 Nd7
28. Qxb7 Qc8 29. Qf3 Rb8 30. Nd5 Qf8 31. Qd3 e4 32. Qd4+ Ne5 33. Re1 Rc8 34. c5
Kh6 35. Rxe4 Rxe4 36. Qxe4 Nd7 37. Qxg6# 1-0

[Event "Plymouth (MI Op/5/2)"]
[Site "?"]
[Date "1984.??.??"]
[Round "?"]
[White "Poschel, Paul"]
[Black "Brooks, John"]
[Result "0-1"]
[WhiteElo "2325"]
[BlackElo "2125"]
[PlyCount "86"]
[EventDate "1984.??.??"]

{5/(2)} 1. d4 Nf6 2. c4 e6 3. Nc3 Bb4 4. Qc2 d5 5. a3 Be7 6. cxd5 exd5 7. Bg5
O-O 8. e3 h6 9. Bh4 b6 10. Bd3 c5 11. dxc5 bxc5 12. Bxf6 Bxf6 13. Nxd5 Bxb2 14.
Qxb2 Qxd5 15. Qc2 Bb7 16. Nf3 Nd7 17. e4 Qh5 18. Rb1 Nb6 19. O-O Rfe8 20. Nd2
Rad8 21. f3 Qe5 22. Bb5 Re6 23. Nc4 Qf4 24. Rfd1 Rd4 25. Qc1 Rxd1+ 26. Qxd1 Rg6
27. Kh1 Kh7 28. Na5 Ba8 29. Qc1 Qc7 30. Bd3 Rg5 31. Nc4 Rh5 32. h3 Bc6 33. Bf1
g6 34. Qb2 Nd7 35. Qf2 f5 36. exf5 Rxf5 37. Bd3 Rf7 38. Re1 Qf4 39. Qe3 Qg3 40.
Qe6 Bd5 41. Qe3 Rxf3 42. Qe2 Rxd3 43. Qe7+ Kg8 0-1

[Event "Plymouth (MI Op/3/1)"]
[Site "?"]
[Date "1984.??.??"]
[Round "?"]
[White "Poschel, Paul"]
[Black "Baze, Lineas"]
[Result "1-0"]
[WhiteElo "2325"]
[BlackElo "1965"]
[PlyCount "121"]
[EventDate "1984.??.??"]

{3/(1)} 1. c4 Nf6 2. Nc3 g6 3. e4 d6 4. d4 Bg7 5. Be2 O-O 6. Bg5 e5 7. dxe5
dxe5 8. Qxd8 Rxd8 9. Bxf6 Bxf6 10. Nd5 Nd7 11. Nxc7 Rb8 12. Nd5 b6 13. Rd1 Bb7
14. Nxf6+ Nxf6 15. f3 Nh5 16. Nh3 Rxd1+ 17. Kxd1 f5 18. exf5 gxf5 19. Bd3 e4
20. fxe4 fxe4 21. Be2 Ng7 22. Nf4 Nf5 23. Kc1 Rf8 24. Nd5 Nd4 25. Bd1 Rf2 26.
Re1 Bxd5 27. cxd5 Rxg2 28. Rxe4 Nf5 29. Rg4+ Rxg4 30. Bxg4 Nd6 31. Kc2 Kf7 32.
Kd3 Kf6 33. Kd4 Nb5+ 34. Ke4 Nd6+ 35. Kf4 a5 36. Be2 h6 37. Bd3 Nf7 38. a4 Nd6
39. h3 Nf7 40. h4 Nd6 41. b3 Nb7 42. Bf5 Nd6 43. Bc2 Nf7 44. Ke4 Nd6+ 45. Kd4
Nb7 46. Bd1 Nd6 47. Bg4 Ke7 48. Ke5 Nb7 49. Kf5 Nc5 50. Bd1 Kd6 51. Kg6 Kxd5
52. Kxh6 Ke6 53. Kg6 Ne4 54. h5 Nf6 55. h6 Ke7 56. h7 Nxh7 57. Kxh7 Kd6 58. Be2
Kc5 59. Kg6 Kb4 60. Bc4 b5 61. axb5 1-0

[Event "Plymouth (MI Op/1b/19)"]
[Site "?"]
[Date "1984.??.??"]
[Round "?"]
[White "Pierce, Kevin"]
[Black "Thomas, Henry"]
[Result "1-0"]
[WhiteElo "1955"]
[BlackElo "1685"]
[PlyCount "45"]
[EventDate "1984.??.??"]

1. Nf3 g6 2. d4 f5 3. g3 Bg7 4. Bg2 Nh6 5. c4 d6 6. Nc3 O-O 7. O-O c6 8. Rb1
Na6 9. b4 Nc7 10. Qb3 Nf7 11. Rd1 Rb8 12. d5 c5 13. bxc5 dxc5 14. Bf4 Nd6 15.
Ne5 Bd7 16. Na4 b6 17. Nxc5 bxc5 18. Qxb8 Qxb8 19. Rxb8 Bxe5 20. Rxf8+ Kxf8 21.
Bxe5 Na6 22. Bxd6 exd6 23. Rb1 1-0

[Event "Plymouth (MI Op/6/8)"]
[Site "?"]
[Date "1984.??.??"]
[Round "?"]
[White "Pierce, Kevin"]
[Black "Marfia, J.."]
[Result "0-1"]
[WhiteElo "1955"]
[BlackElo "2170"]
[PlyCount "57"]
[EventDate "1984.??.??"]

{6/(8)} 1. Nf3 c5 2. c4 Nf6 3. Nc3 Nc6 4. g3 e6 5. Bg2 d5 6. cxd5 exd5 7. d4
Be7 8. O-O O-O 9. Bg5 cxd4 10. Nxd4 h6 11. Bf4 Qb6 12. Nxc6 bxc6 13. e4 Qxb2
14. Na4 Qa3 15. exd5 Nxd5 16. Bxd5 cxd5 17. Qxd5 Bh3 18. Rfe1 Bb4 19. Re4 Qxa4
20. Qd4 Qa3 21. Re3 Bc5 22. Qd3 Qxd3 23. Rxd3 Rad8 24. Rad1 Rxd3 25. Rxd3 Re8
26. Be3 Rb8 27. Rb3 Rxb3 28. axb3 Bxe3 29. fxe3 0-1

[Event "Plymouth (MI Op/4/29)"]
[Site "?"]
[Date "1984.??.??"]
[Round "?"]
[White "Pierce, Kevin"]
[Black "Frohman, T.."]
[Result "1-0"]
[WhiteElo "1955"]
[BlackElo "1670"]
[PlyCount "55"]
[EventDate "1984.??.??"]

{4/(29)} 1. Nf3 Nf6 2. c4 g6 3. b3 Bg7 4. Bb2 O-O 5. g3 d5 6. Bg2 c6 7. O-O Re8
8. d4 Nbd7 9. cxd5 cxd5 10. Nc3 Nb6 11. Rc1 Bd7 12. Ne5 Be6 13. Nb5 Rf8 14. Nc7
Rc8 15. Nxe6 fxe6 16. Bh3 Qd6 17. Qd2 Ne4 18. Qa5 Ng5 19. Bg4 h5 20. Ba3 Qb8
21. Bxe7 hxg4 22. Bxg5 Rf5 23. Bf4 g5 24. Nd7 Qa8 25. Nxb6 axb6 26. Qxb6 gxf4
27. Qxe6+ Rf7 28. Rxc8+ 1-0

[Event "East Detroit (MCO/2/27)"]
[Site "?"]
[Date "1984.??.??"]
[Round "?"]
[White "Petty, M.."]
[Black "Wheeler, R.."]
[Result "1-0"]
[WhiteElo "1790"]
[BlackElo "1605"]
[PlyCount "63"]
[EventDate "1984.??.??"]

{2/(27)} 1. d4 d5 2. Nf3 Nc6 3. e3 Nf6 4. c4 e6 5. Nc3 Be7 6. Bd3 dxc4 7. Bxc4
a6 8. O-O O-O 9. e4 b5 10. Bb3 Na5 11. Bc2 Nc4 12. e5 Nd5 13. Ne4 h6 14. Qd3 f5
15. exf6 Bxf6 16. Nxf6+ Nxf6 17. Qg6 Qe8 18. Qg3 Rf7 19. Bg6 Bb7 20. b3 Nd6 21.
Ne5 Qe7 22. Nxf7 Nxf7 23. Bxf7+ Kxf7 24. Re1 Rd8 25. Bb2 Rd5 26. Rac1 Ne8 27.
Rc3 Rg5 28. Qf4+ Kg8 29. Rg3 Rf5 30. Qxh6 Bd5 31. Qg6 Nf6 32. Qxf5 1-0

[Event "Plymouth (MI Op/3/75)"]
[Site "?"]
[Date "1984.??.??"]
[Round "?"]
[White "Petty, M.."]
[Black "Nixon, Peter"]
[Result "1-0"]
[WhiteElo "1790"]
[BlackElo "1605"]
[PlyCount "63"]
[EventDate "1984.??.??"]

{3/(75)} 1. d4 d5 2. Nf3 Bg4 3. Ne5 Nf6 4. Nxg4 Nxg4 5. e4 Nf6 6. e5 Nfd7 7.
Bd3 c5 8. e6 Nf6 9. exf7+ Kxf7 10. dxc5 Qa5+ 11. Nc3 Qxc5 12. Qf3 e5 13. Bb5 a6
14. Ba4 Nc6 15. Be3 Qa5 16. Bb3 Rd8 17. O-O Bb4 18. Ne4 Ke7 19. Nxf6 gxf6 20.
Rad1 d4 21. Qf5 Rd6 22. Bh6 d3 23. Rxd3 Nd4 24. Qg4 Re8 25. Qg7+ Kd8 26. Qxb7
Ne2+ 27. Kh1 Rxd3 28. cxd3 Be1 29. Bg7 Bb4 30. Bxf6+ Be7 31. Be6 Qc7 32. Qa8+
1-0

[Event "East Detroit (MCO/4/25)"]
[Site "?"]
[Date "1984.??.??"]
[Round "?"]
[White "Petty, M.."]
[Black "Iverson, B.."]
[Result "0-1"]
[WhiteElo "1790"]
[BlackElo "1655"]
[PlyCount "110"]
[EventDate "1984.??.??"]

{4/(25)} 1. d4 Nf6 2. c4 e6 3. Nc3 c5 4. d5 exd5 5. cxd5 d6 6. e4 g6 7. Bg5 h6
8. Bh4 g5 9. Bg3 Qe7 10. Bd3 Bg7 11. Nf3 O-O 12. O-O a6 13. e5 Ne8 14. exd6
Nxd6 15. Re1 Qd8 16. Be5 f6 17. Bg3 Nf5 18. Bxb8 Rxb8 19. Qc2 Ne7 20. Qe2 Re8
21. Rad1 Bd7 22. Nd2 b5 23. Qh5 f5 24. d6 Nc8 25. Rxe8+ Bxe8 26. Qf3 Nxd6 27.
Qd5+ Bf7 28. Qxc5 Qb6 29. Qxb6 Rxb6 30. Nf3 Rc6 31. Bb1 b4 32. Na4 Bc4 33. b3
Bb5 34. g3 Kf7 35. Kg2 Bf6 36. Nd4 Bxd4 37. Rxd4 a5 38. Rd5 Ke6 39. Rd1 Kf6 40.
Nc5 Ke7 41. Rd5 Rc7 42. Re5+ Kf6 43. f4 Bc6+ 44. Kh3 Bb5 45. Re6+ Kg7 46. Nd3
Rc1 47. Rxd6 Rxb1 48. Rd5 Ba6 49. fxg5 hxg5 50. Rd7+ Kf8 51. Kg2 Rd1 52. Nc5
Rxd7 53. Nxd7+ Ke7 54. Ne5 Ke6 55. Nc6 Bb7 0-1

[Event "Plymouth (MI Op/5/25)"]
[Site "?"]
[Date "1984.??.??"]
[Round "?"]
[White "Petty, M.."]
[Black "Foote, F.."]
[Result "1-0"]
[WhiteElo "1790"]
[BlackElo "2045"]
[PlyCount "95"]
[EventDate "1984.??.??"]

{5/(25)} 1. d4 Nf6 2. c4 e6 3. d5 Bb4+ 4. Bd2 Qe7 5. a3 Bxd2+ 6. Qxd2 e5 7. Nc3
d6 8. e4 a5 9. f4 exf4 10. Qxf4 O-O 11. Nf3 Nxe4 12. Qxe4 Qxe4+ 13. Nxe4 Re8
14. Bd3 Bf5 15. Nfd2 Bxe4 16. Nxe4 f5 17. O-O fxe4 18. Rae1 Nd7 19. Bxe4 Nc5
20. Bc2 Re5 21. Rxe5 dxe5 22. b4 axb4 23. axb4 Na6 24. Rb1 Rf8 25. Bd3 Rf4 26.
g3 Rd4 27. Be2 b5 28. Ra1 Nxb4 29. Rb1 Na2 30. Rxb5 Nc3 31. Rb8+ Kf7 32. Bf1
Ke7 33. Rc8 Kd6 34. Rg8 Rg4 35. Rf8 Nb1 36. Re8 Nd2 37. Re6+ Kc5 38. Rc6+ Kd4
39. Rxc7 Re4 40. d6 Re1 41. Rf7 Rb1 42. d7 Rb8 43. Re7 Nf3+ 44. Kg2 Ke4 45. Kh3
Ng1+ 46. Kg4 h5+ 47. Kxh5 Rd8 48. Kg6 1-0

[Event "Plymouth (MI Op/1b/12)"]
[Site "?"]
[Date "1984.??.??"]
[Round "?"]
[White "Petty, M.."]
[Black "Bohley, D.."]
[Result "0-1"]
[WhiteElo "1790"]
[BlackElo "2020"]
[PlyCount "92"]
[EventDate "1984.??.??"]

1. d4 Nf6 2. d5 d6 3. c4 e5 4. Nc3 e4 5. Qd4 Bf5 6. g3 c5 7. Qe3 Qe7 8. Bg2 Na6
9. a3 h6 10. Nb5 g5 11. Bd2 Bg7 12. f3 O-O 13. Nh3 Qd7 14. Nf2 Nxd5 15. cxd5
Qxb5 16. fxe4 Bd4 17. Qf3 Qxb2 18. Rd1 Bd7 19. O-O Bg7 20. Bc1 Qf6 21. Qb3 b5
22. Ng4 Qg6 23. Qf3 f5 24. Nf2 Rae8 25. Qd3 c4 26. Qb1 Nc5 27. exf5 Rxf5 28.
Bh3 Rf6 29. Qxg6 Rxg6 30. Bxd7 Nxd7 31. e4 Ne5 32. Kg2 Rf6 33. Bb2 Ref8 34. Bc3
a6 35. Bb4 Rd8 36. h3 Rf7 37. Ng4 Nxg4 38. hxg4 Rxf1 39. Rxf1 Be5 40. Rf3 Rf8
41. Rf5 c3 42. Rxe5 c2 43. Bd2 dxe5 44. Bc1 Rf6 45. Bb2 Kf7 46. Bc1 Ke7 0-1

[Event "East Detroit (MCO/3/16)"]
[Site "?"]
[Date "1984.??.??"]
[Round "?"]
[White "Petrison, J.."]
[Black "Proszkow, T.."]
[Result "1-0"]
[WhiteElo "2230"]
[BlackElo "1650"]
[PlyCount "75"]
[EventDate "1984.??.??"]

{3/(16)} 1. Nf3 Nf6 2. b3 d6 3. Bb2 e5 4. d3 Nc6 5. g3 Be7 6. Bg2 O-O 7. c4 Ne8
8. Nc3 f5 9. Nd5 Nf6 10. h4 h6 11. a3 Be6 12. Nd2 Qd7 13. e3 Rae8 14. Qc2 Nd8
15. O-O-O c6 16. Nxe7+ Qxe7 17. Nf3 b5 18. Nh2 a5 19. f4 Nd7 20. Nf3 Nf7 21.
Bh3 Rb8 22. Rhg1 Nc5 23. d4 Nxb3+ 24. Qxb3 Bxc4 25. Qc2 e4 26. Ne1 h5 27. Bxf5
d5 28. Bg6 Nd6 29. g4 hxg4 30. Rxg4 a4 31. Qg2 Bb3 32. Nc2 Nc4 33. Rg1 Bxc2 34.
Bh7+ Kh8 35. Rxg7 Qxh4 36. Rc7 Qh6 37. Rh1 Nxe3 38. Qg1 1-0

[Event "East Detroit (MCO/1/5)"]
[Site "?"]
[Date "1984.??.??"]
[Round "?"]
[White "Petrison, J.."]
[Black "Morneau, F.."]
[Result "1/2-1/2"]
[WhiteElo "2230"]
[BlackElo "1660"]
[PlyCount "110"]
[EventDate "1984.??.??"]

{1/(5)} 1. Nf3 Nf6 2. b3 g6 3. Bb2 Bg7 4. e3 O-O 5. Be2 b6 6. O-O Bb7 7. c4 c5
8. d3 e6 9. Nbd2 d5 10. Ne5 Nc6 11. Nxc6 Bxc6 12. Nf3 Ng4 13. Bxg7 Kxg7 14. h3
Nf6 15. Qc2 Qc7 16. Qb2 Rad8 17. Ne5 d4 18. Nxc6 Qxc6 19. b4 cxb4 20. Qxb4 dxe3
21. fxe3 Qc5 22. Qxc5 bxc5 23. Rab1 Rb8 24. Rfc1 Nd7 25. d4 Rb6 26. Rxb6 axb6
27. Bf3 e5 28. dxe5 Nxe5 29. Bd5 Nd3 30. Rb1 Nb4 31. e4 Kf6 32. a3 Nxd5 33.
exd5 Ke5 34. Rxb6 Kd4 35. a4 Kxc4 36. d6 Rd8 37. a5 Kd5 38. a6 Rd7 39. Kf2 c4
40. Ke3 Kc5 41. Rb7 Rxd6 42. a7 Ra6 43. Rxf7 h5 44. Kd2 Ra2+ 45. Kc3 Ra3+ 46.
Kb2 Ra6 47. Rb7 Kd4 48. Rd7+ Kc5 49. g3 Kb4 50. Rb7+ Kc5 51. g4 hxg4 52. hxg4
Kc6 53. Rg7 Kc5 54. g5 Rb6+ 55. Kc3 Ra6 1/2-1/2